| 000 | 00670nam a2200205 a 4500 | ||
|---|---|---|---|
| 005 | 20220520063741.0 | ||
| 008 | 991125s1993 mx 000 0 spa u | ||
| 020 | _a9684396988 | ||
| 035 | _aUPN01000028444 | ||
| 049 | _aLT | ||
| 050 | 4 |
_aLB1641 M6.2 _bL6.3 |
|
| 100 | 1 |
_aLópez Reyes, Amalia _929072 |
|
| 245 | 1 | 0 |
_aHistoria segundo año / _cAmalia López Reyes, José Manuel Lozano Fuentes. |
| 260 |
_aMéxico : _bPublicaciones Cultural, _c1993. |
||
| 300 |
_a198 p. : _bil. |
||
| 500 | _a"Nueva edición nuevos programas" | ||
| 650 | 4 |
_aHistoria _xEstudio y enseñanza (Secundaria) _95248 |
|
| 700 | 1 |
_aLozano Fuentes, José Manuel, _ecoaut. _929086 |
|
| 905 | _aLibro | ||
| 999 |
_c28444 _d28444 |
||